000 00923cab a2200241 4500
001 WB3522-10
008 090401t1999 xxu||||| |||| 00| 0 eng d
035 _a(Sirsi) u93883
041 _aeng
245 _aIndustrial and commercial property post
260 _c1999
350 _a0
490 _aYorkshire Post
_v10 June 1999, 20-22(3) (LOAN)
520 _aAssesses overseas investment in UK property, comments on the retail market in York, the interest in city centre apartments in Leeds, warns of large uniform business rate increases concluding with a discussion of how the designation by the European Union of Objective 1 funding for South Yorkshire from January 2000 should help boost the region.
650 _aLEEDS
650 _aRATING REVALUATION
650 _aREGIONAL FUNDING
650 _aRETAIL
650 _aYORK
690 _aPROPERTY-COMMERCIAL PROPERTY
942 _n0
948 _c10/06/1999
999 _c59503
_d59503